[Event "Challenge"]
[Site "http://www.queenalice.com/game.php?id=977767"]
[Date "2011.8.27"]
[Round "-"]
[White "Slava"]
[Black "xyzzyx"]
[Result "1-0"]
[WhiteElo "2039"]
[BlackElo "2066"]

1. d4 d5 2. Bf4 Nf6 3. e3 c5 4. Bxb8 Rxb8 5. c4 e6 6. Nc3 dxc4 7. Bxc4 a6 8. Nf3
b5 9. Be2 cxd4 10. Qxd4 Qxd4 11. Nxd4 Bb7 12. O-O Bb4 13. a4 O-O 14. axb5 Bxc3
15. bxc3 axb5 16. Nxb5 Nd5 17. c4 Ne7 18. Ra7 Nc6 19. Ra3 Ne5 20. c5 Bd5 21. Nd4
Rfc8 22. Rc1 Bc4 23. Bxc4 Nxc4 24. Rac3 Ne5 25. c6 Rc7 26. f4 Ng6 27. Rc5 Ne7
28. Nb5 1-0

[Event "Let's Play Chess!"]
[Site "http://www.queenalice.com/game.php?id=979892"]
[Date "2011.9.1"]
[Round "-"]
[White "P17"]
[Black "Slava"]
[Result "0-1"]
[WhiteElo "2237"]
[BlackElo "2056"]

1. c4 e6 2. Nc3 d5 3. e3 Nf6 4. d4 Bb4 5. f3 b6 6. Bd3 O-O 7. Ne2 c5 8. O-O cxd4
9. Nxd4 Ba6 10. cxd5 Bxc3 11. bxc3 Nxd5 12. c4 Nf6 13. Bb2 Qc7 14. Nb5 Bxb5 15.
cxb5 Nbd7 16. Rc1 Qd8 17. Be2 Nd5 18. Qd4 Qg5 19. e4 Nf4 20. Rf2 Rfd8 21. Kh1
Nc5 22. Qe3 h6 0-1

[Event "OS INCLIVEIS"]
[Site "http://www.queenalice.com/game.php?id=984736"]
[Date "2011.9.13"]
[Round "-"]
[White "adelio"]
[Black "Slava"]
[Result "0-1"]
[WhiteElo "1728"]
[BlackElo "2079"]

1. e4 e5 2. Nf3 Nc6 3. g3 Bc5 4. c4 d6 5. h3 f5 6. d3 Nf6 7. Nc3 O-O 8. Bg5 h6
9. Bxf6 Qxf6 10. Nd5 Qf7 11. Bg2 fxe4 12. dxe4 Nd4 13. O-O Nxf3+ 14. Qxf3 Qxf3
15. Bxf3 Rxf3 16. Kh2 Bd7 17. Nxc7 Raf8 18. Nd5 Rxf2+ 19. Rxf2 Rxf2+ 20. Kh1
Bxh3 21. Ne7+ Kh7 22. Nf5 Bg2+ 23. Kg1 Rxb2+ 24. Kh2 Bxe4+ 25. Kh3 Bxf5+ 26. g4
Be6 27. Rc1 Be3 28. Rc3 Bf4 29. Kh4 Rh2+ 30. Rh3 g5+ 31. Kh5 Rxh3# 0-1

[Event "Challenge"]
[Site "http://www.queenalice.com/game.php?id=986806"]
[Date "2011.9.18"]
[Round "-"]
[White "albemo"]
[Black "Slava"]
[Result "0-1"]
[WhiteElo "1823"]
[BlackElo "2081"]

1. c4 e5 2. Nc3 Bb4 3. Qb3 Nc6 4. a3 Ba5 5. Nf3 f5 6. e4 Bxc3 7. Qxc3 d6 8. d3
fxe4 9. dxe4 Nf6 10. Bg5 h6 11. Bxf6 Qxf6 12. Be2 Bg4 13. O-O h5 14. Rae1 Bxf3
15. Bxf3 g5 16. b4 Nd4 17. Bd1 g4 18. c5 Kd7 19. cxd6 cxd6 20. Bb3 h4 21. Re3 h3
22. f3 hxg2 23. Rc1 Rac8 24. Qd2 Nxf3+ 25. Rxf3 Rxc1+ 26. Qxc1 gxf3 27. Qe3 Rxh2
0-1

[Event "AUTO-MASTER-1503"]
[Site "http://www.queenalice.com/game.php?id=989564"]
[Date "2011.9.25"]
[Round "1"]
[White "docb"]
[Black "Slava"]
[Result "1-0"]
[WhiteElo "1969"]
[BlackElo "2087"]

1. e4 e5 2. Nf3 Nc6 3. Nc3 g6 4. g3 Bg7 5. Bg2 Nf6 6. O-O O-O 7. d3 Nd4 8. Nxe5
d6 9. Nc4 Bg4 10. f3 Be6 11. Ne3 Qd7 12. Ne2 Nh5 13. c3 Nxe2+ 14. Qxe2 Bh3 15.
Bxh3 Qxh3 16. Qg2 Qe6 17. f4 c6 18. d4 Nf6 19. e5 Nd7 20. exd6 Qxd6 21. f5 b6
22. Nc4 Qd5 23. Qxd5 cxd5 24. Ne3 Nf6 25. g4 Rfe8 26. g5 1-0

[Event "AUTO-MASTER-1503"]
[Site "http://www.queenalice.com/game.php?id=989565"]
[Date "2011.9.25"]
[Round "1"]
[White "Slava"]
[Black "docb"]
[Result "0-1"]
[WhiteElo "2005"]
[BlackElo "2042"]

1. e4 Nc6 2. d4 d5 3. exd5 Qxd5 4. Be3 e5 5. Nc3 Bb4 6. Qd2 Bxc3 7. bxc3 exd4 8.
cxd4 Nf6 9. Nf3 O-O 10. h3 Ne4 11. Qd1 Bf5 12. g4 Bg6 13. Bg2 Qa5+ 14. Nd2 Rfe8
15. Bxe4 Bxe4 16. O-O Bg6 17. c4 Rad8 18. Nb3 Qa4 19. Nc5 Qxc4 20. Nxb7 Rb8 21.
Nc5 Rb2 22. a3 Qd5 23. Re1 h6 24. Nd3 Bxd3 25. Qxd3 Rd8 26. Rac1 Ne5 27. Qc3
Nf3+ 28. Kf1 Rb3 29. Qc4 Qxc4+ 30. Rxc4 Nxe1 31. Kxe1 Rd7 32. a4 Kf8 33. Ke2 Ke7
34. Kf3 Kd6 35. Ke4 Re7+ 36. Kf5 Rexe3 37. fxe3 Rxe3 38. h4 Rf3+ 39. Ke4 Rh3 40.
h5 g6 41. hxg6 fxg6 42. Rc5 h5 43. Rg5 h4 44. Rxg6+ Kd7 45. Rh6 Rh1 46. g5 h3
47. Kd5 Rg1 48. Rh7+ Kc8 49. Rxh3 Rxg5+ 50. Kc4 Kb7 51. Rh4 Ra5 52. Kb4 Rd5 0-1

[Event "AUTO-MASTER-1503"]
[Site "http://www.queenalice.com/game.php?id=989578"]
[Date "2011.9.25"]
[Round "1"]
[White "Antonino"]
[Black "Slava"]
[Result "1-0"]
[WhiteElo "1995"]
[BlackElo "2034"]

1. e4 e5 2. Nf3 Nc6 3. d4 exd4 4. Nxd4 Qh4 5. Nc3 Bc5 6. g3 Qf6 7. Nf3 Nd4 8.
Bg2 Ne7 9. Be3 Nxf3+ 10. Qxf3 Qxf3 11. Bxf3 Bxe3 12. fxe3 d6 13. Nd5 Nxd5 14.
exd5 f5 15. O-O-O b6 16. e4 fxe4 17. Bxe4 O-O 18. Rhf1 Bh3 19. Rf4 Rxf4 20. gxf4
Rf8 21. Rd4 g6 22. Rd3 Bf5 23. Bxf5 Rxf5 24. Rd4 Kf7 25. Rc4 Rxd5 26. Rxc7+ Kf6
27. Rxh7 a5 28. Rb7 b5 29. Ra7 a4 30. Rb7 Kf5 31. Rf7+ Ke6 32. Rf8 Ke7 33. Rh8
Kf6 34. h4 Rh5 35. Rxh5 gxh5 36. Kd2 Kf5 37. Ke3 Kg4 38. b3 Kxh4 39. bxa4 bxa4
40. Kf3 a3 41. c4 Kh3 42. f5 Kh2 43. f6 1-0

[Event "AUTO-MASTER-1503"]
[Site "http://www.queenalice.com/game.php?id=989579"]
[Date "2011.9.25"]
[Round "1"]
[White "Slava"]
[Black "Antonino"]
[Result "0-1"]
[WhiteElo "2066"]
[BlackElo "1976"]

1. e4 e5 2. f4 d6 3. Nf3 Nc6 4. Bb5 f6 5. d4 a6 6. Bxc6+ bxc6 7. dxe5 Bg4 8.
exf6 Qxf6 9. O-O h6 10. h3 Bd7 11. e5 Qg6 12. Qe2 Kd8 13. f5 Qe8 14. e6 Nf6 15.
Nc3 Bc8 16. Nh4 Be7 17. Ng6 Rg8 18. Bf4 Bb7 19. Ne4 Rb8 20. Rad1 c5 21. Nxe7
Nxe4 22. Nxg8 Qxg8 23. Qg4 Nf6 24. Qg6 Ke7 25. Bxh6 gxh6 26. Qxg8 Rxg8 27. g4 h5
28. Kh2 hxg4 29. hxg4 Nxg4+ 30. Kh3 Ne3 31. f6+ Kxe6 32. Rfe1 Bg2+ 33. Kh4 Rg4+
34. Kh5 Re4 0-1

[Event "AUTO-MASTER-1503"]
[Site "http://www.queenalice.com/game.php?id=989586"]
[Date "2011.9.25"]
[Round "1"]
[White "GM_Freitas"]
[Black "Slava"]
[Result "1-0"]
[WhiteElo "2136"]
[BlackElo "2046"]

1. d4 d5 2. c4 c6 3. Nc3 Nf6 4. Nf3 dxc4 5. a4 Bf5 6. e3 e6 7. Bxc4 Bb4 8. Qb3
a5 9. O-O O-O 10. Nh4 Ne4 11. Nxf5 exf5 12. f3 Nd6 13. Bd3 g6 14. Bd2 Nd7 15. e4
c5 16. Be3 Rc8 17. dxc5 Nxc5 18. Bxc5 Rxc5 19. Nd5 fxe4 20. fxe4 Nxe4 21. Bxe4
Qh4 22. Bf3 Rfc8 23. Nxb4 Qd4+ 24. Kh1 axb4 25. Bxb7 R8c7 26. Rad1 1-0

[Event "AUTO-MASTER-1503"]
[Site "http://www.queenalice.com/game.php?id=989587"]
[Date "2011.9.25"]
[Round "1"]
[White "Slava"]
[Black "GM_Freitas"]
[Result "0-1"]
[WhiteElo "2017"]
[BlackElo "2129"]

1. d4 Nf6 2. Bg5 Ne4 3. Bf4 d6 4. c4 Nc6 5. Nc3 Nxc3 6. bxc3 Bf5 7. Qb3 Qc8 8.
Nf3 e6 9. Nh4 e5 10. Be3 exd4 11. cxd4 Bd7 12. g3 Be7 13. Nf3 O-O 14. Bg2 Bf6
15. Rc1 b6 16. O-O Bh3 17. Qb5 Bxg2 18. Kxg2 Ne7 19. Bg5 c6 20. Qb1 Bxg5 21.
Nxg5 g6 22. Qe4 Nf5 23. h4 Re8 24. Qd3 h6 25. Nh3 Qe6 26. Nf4 Qf6 27. e3 Re7 28.
Rh1 Rae8 29. Kf3 Ng7 30. Kg2 Ne6 31. Nxe6 Rxe6 32. h5 g5 33. a4 Re4 34. Ra1 g4
0-1

[Event "Challenge"]
[Site "http://www.queenalice.com/game.php?id=994793"]
[Date "2011.10.8"]
[Round "-"]
[White "CAMJUIDA"]
[Black "Slava"]
[Result "1-0"]
[WhiteElo "1100"]
[BlackElo "2016"]

1. e4 e5 2. Nf3 d5 3. Nxe5 Nf6 4. exd5 Qxd5 5. Qe2 Be6 6. Nc3 Qc5 7. d3 Nc6 8.
Nf3 O-O-O 9. a3 Bg4 10. h3 Nd4 11. Qd1 Bxf3 12. gxf3 Re8+ 13. Be3 Nf5 14. Ne4
Nxe3 15. fxe3 Qxe3+ 16. Qe2 Bc5 17. Qxe3 Bxe3 18. c4 Nh5 19. Ke2 Bd4 20. Kd2
Bxb2 21. Ra2 Bd4 22. h4 f5 23. Bh3 1-0

[Event "Challenge"]
[Site "http://www.queenalice.com/game.php?id=995447"]
[Date "2011.10.9"]
[Round "-"]
[White "Slava"]
[Black "albemo"]
[Result "1-0"]
[WhiteElo "1990"]
[BlackElo "1813"]

1. d4 d5 2. c4 c6 3. Nc3 Nf6 4. Nf3 e6 5. Bg5 Be7 6. e3 O-O 7. Rc1 Nbd7 8. Qc2
h6 9. Bh4 b6 10. cxd5 Nxd5 11. Bxe7 Qxe7 12. g3 N7f6 13. Bg2 Bb7 14. O-O Rac8
15. Qa4 Nxc3 16. Rxc3 Ba8 17. Ne5 Nd5 18. Rc2 c5 19. Rfc1 Rc7 20. dxc5 bxc5 21.
a3 Rfc8 22. b4 Nb6 23. Qb5 Bxg2 24. Kxg2 f6 25. Ng6 Qf7 26. Nf4 e5 27. bxc5 Nd5
28. Nxd5 Qxd5+ 29. f3 Kh7 30. Kf2 Kg8 31. Ke2 e4 32. Qc4 exf3+ 33. Kf2 Qxc4 34.
Rxc4 Kf7 35. Kxf3 Ke6 36. h4 Kd5 37. e4+ Ke5 38. c6 Kd6 39. Kf4 g6 40. g4 Ke6
41. g5 hxg5+ 42. hxg5 fxg5+ 43. Kxg5 Kf7 44. Rf1+ Kg7 45. Rf6 a5 46. a4 Kh7 47.
Rxg6 1-0

[Event "OS INCLIVEIS"]
[Site "http://www.queenalice.com/game.php?id=1003721"]
[Date "2011.11.1"]
[Round "-"]
[White "adelio"]
[Black "Slava"]
[Result "0-1"]
[WhiteElo "1785"]
[BlackElo "1999"]

1. d4 d5 2. e4 dxe4 3. Nc3 e5 4. Nxe4 Nc6 5. c3 exd4 6. h3 Qe7 7. Qe2 Bf5 8. f3
O-O-O 9. a3 Nf6 10. Bg5 dxc3 11. bxc3 Qe5 12. Ra2 Be7 13. Qf2 Nxe4 14. fxe4
Qxe4+ 15. Qe2 Qb1+ 16. Kf2 Bxg5 17. Nf3 Rhe8 18. Qb2 Be3+ 19. Kg3 Qe4 20. Kh2
Qf4+ 21. g3 Qxf3 22. Qe2 Bg1+ 23. Kxg1 Rxe2 24. Bxe2 Qxg3+ 25. Kf1 Bxh3+ 26.
Rxh3 Qxh3+ 27. Kg1 Rd5 28. Bf3 Qxf3 29. Rf2 Rd1+ 30. Rf1 Qg3+ 31. Kh1 Rxf1# 0-1

[Event "Let's Play Chess!"]
[Site "http://www.queenalice.com/game.php?id=1010141"]
[Date "2011.11.21"]
[Round "-"]
[White "Slava"]
[Black "P17"]
[Result "0-1"]
[WhiteElo "2010"]
[BlackElo "2181"]

1. e4 c5 2. c4 e6 3. Nc3 Nc6 4. g3 Nf6 5. Bg2 Be7 6. Nf3 O-O 7. O-O d5 8. exd5
exd5 9. d3 h6 10. Re1 Be6 11. cxd5 Nxd5 12. Ne5 Nxe5 13. Rxe5 Nxc3 14. bxc3 Qc7
15. Qe2 Bf6 16. Rh5 Rad8 17. Rb1 b6 18. c4 Qd7 19. h3 Qxd3 20. Qxd3 Rxd3 21. Be3
Bxc4 22. Bf1 Rc3 23. Bxc4 Rxc4 24. Rf5 Bd4 25. Rf4 g5 26. Re4 f5 27. Re6 Bxe3
28. Rxe3 f4 29. Re7 Ra4 30. Rb2 fxg3 31. fxg3 Rf7 0-1

[Event "OS INCLIVEIS"]
[Site "http://www.queenalice.com/game.php?id=1010702"]
[Date "2011.11.21"]
[Round "-"]
[White "adelio"]
[Black "Slava"]
[Result "0-1"]
[WhiteElo "1718"]
[BlackElo "2006"]

1. d4 d5 2. a3 Nc6 3. h3 g6 4. Nf3 Bg7 5. c3 e5 6. e4 dxe4 7. Ng5 f5 8. Nf7 Kxf7
9. Bc4+ Be6 10. d5 Ke7 11. Bg5+ Nf6 12. O-O Na5 13. Bxf6+ Bxf6 14. Ba2 Bxd5 15.
Bxd5 c6 16. Ba2 b5 17. Nd2 c5 18. b4 Nb7 19. Qe2 c4 20. Rad1 Qd3 21. Qe3 Qxe3
22. fxe3 Bg5 23. Rde1 a5 24. g3 axb4 25. cxb4 Rxa3 26. Bxc4 bxc4 27. Nxc4 Rc3
28. Nxe5 Ke6 29. Nxg6 hxg6 30. h4 Bxe3+ 31. Kg2 Rb3 32. Re2 Rd8 33. Ra1 Rdd3 34.
Ra6+ Nd6 35. Kh3 Rxb4 36. Ra8 Rd2 37. Rxe3 Rb1 38. g4 f4 39. Re8+ Nxe8 40. Rxe4+
Kd5 41. Rxf4 Rb3+ 42. Rf3 Rxf3# 0-1

[Event "juli1-2"]
[Site "http://www.queenalice.com/game.php?id=1025048"]
[Date "2012.2.2"]
[Round "1"]
[White "Slava"]
[Black "juli1"]
[Result "0-1"]
[WhiteElo "2001"]
[BlackElo "2082"]

1. d4 d5 2. c4 Nf6 3. Nc3 g6 4. Bg5 Ne4 5. Nxe4 dxe4 6. e3 c5 7. b4 cxd4 8. exd4
Bg7 9. Qa4+ Nc6 10. Rd1 Bd7 11. b5 Nxd4 12. c5 Bg4 13. Be2 Bf5 14. g4 Bc8 15.
Bh6 Bf6 16. g5 Be5 17. f4 exf3 18. Nxf3 Nxf3+ 19. Bxf3 Qc7 20. b6+ Bd7 21. Rxd7
Qxd7 22. c6 Bc3+ 23. Kf1 Qd3+ 24. Kg2 Qd2+ 25. Kh3 bxc6 26. Qxc6+ Qd7+ 27. Qxd7+
Kxd7 28. Rd1+ Ke6 29. Bd5+ Kf5 30. Rf1+ Ke5 31. Bxa8 Rxa8 32. b7 Rb8 33. Bg7+ f6
34. gxf6 Ke6 35. fxe7 Bxg7 36. Re1+ Be5 37. Kg4 Re8 38. Kg5 a6 39. h4 Rb8 40. h5
gxh5 41. Kxh5 Kf6 42. Kg4 Re8 43. a4 Bb8 0-1

[Event "OS INCLIVEIS"]
[Site "http://www.queenalice.com/game.php?id=1030182"]
[Date "2012.2.16"]
[Round "-"]
[White "adelio"]
[Black "Slava"]
[Result "0-1"]
[WhiteElo "1681"]
[BlackElo "1988"]

1. d4 d5 2. e4 dxe4 3. Nc3 e5 4. d5 Bb4 5. Be3 Nf6 6. Bc4 c6 7. dxc6 Bxc3+ 8.
bxc3 Qxd1+ 9. Rxd1 Nxc6 10. Ne2 Ng4 11. O-O Nxe3 12. fxe3 f5 13. Ng3 g6 14. h4
Ke7 15. h5 Be6 16. Bxe6 Kxe6 17. h6 Rhd8 18. Rb1 Rd7 19. a3 Rc8 20. Rb2 Nd8 21.
Rfb1 Rxc3 22. Rb4 Rxe3 23. Nf1 Rxa3 24. c4 Rc3 25. Kf2 b6 26. Kg1 Rd4 27. Kf2
Rcxc4 28. Rb5 f4 29. Ra1 Nc6 30. Rb2 Rd5 31. Nd2 e3+ 32. Kg1 exd2 33. Rxd2 Rxd2
34. Rf1 Rcc2 35. Kh2 Rxg2+ 36. Kh3 Rg3+ 37. Kh4 Rh2# 0-1

[Event "juli1-2"]
[Site "http://www.queenalice.com/game.php?id=1043969"]
[Date "2012.3.29"]
[Round "2"]
[White "papyrusmoon"]
[Black "Slava"]
[Result "0-1"]
[WhiteElo "1441"]
[BlackElo "1992"]

1. e4 e5 2. Nf3 Nc6 3. d4 exd4 4. Nxd4 Bc5 5. c3 Qf6 6. Be3 d6 7. b4 Bb6 8. Bb5
Ne7 9. Nd2 O-O 10. O-O Nxd4 11. cxd4 Bxd4 12. Qc1 Bxa1 13. Qxc7 a6 14. Bd3 Nc6
15. Nb3 Be5 16. f4 Bd4 17. Bxd4 Nxd4 18. e5 dxe5 19. fxe5 Qd8 20. Qc4 Nxb3 21.
Qxb3 Qd4+ 22. Rf2 Be6 23. Qc2 g6 24. b5 Rac8 25. Qd2 Rfd8 26. Kf1 Bc4 27. Rf3
Bxd3+ 28. Rxd3 Qxd3+ 29. Qe2 Rc1+ 30. Kf2 Rc2 0-1

[Event "Challenge"]
[Site "http://www.queenalice.com/game.php?id=1054998"]
[Date "2012.5.1"]
[Round "-"]
[White "Slava"]
[Black "Kirita"]
[Result "0-1"]
[WhiteElo "2003"]
[BlackElo "1849"]

1. e4 e5 2. Nf3 d6 3. b3 Bg4 4. h3 Bxf3 5. Qxf3 Nc6 6. Bb2 Nf6 7. Bb5 Qd7 8. Nc3
a6 9. Bxc6 Qxc6 10. O-O-O b5 11. d4 O-O-O 12. dxe5 dxe5 13. Qf5+ Qe6 14. Rxd8+
Kxd8 15. Qxe6 fxe6 16. f3 b4 17. Ne2 Bd6 18. Rd1 Ke7 19. c4 bxc3 20. Bxc3 Ba3+
21. Kc2 c5 22. Bxe5 Rc8 23. Kc3 g5 24. Bxf6+ Kxf6 0-1

[Event "juli1-2"]
[Site "http://www.queenalice.com/game.php?id=1084568"]
[Date "2012.7.19"]
[Round "4"]
[White "Sambafor"]
[Black "Slava"]
[Result "0-1"]
[WhiteElo "2088"]
[BlackElo "1981"]

1. d4 d5 2. c4 e6 3. Nc3 c5 4. cxd5 exd5 5. e4 dxe4 6. Bc4 Nf6 7. Nge2 Nc6 8.
Be3 cxd4 9. Nxd4 Nxd4 10. Bxd4 Be7 11. O-O O-O 12. Qc2 Qxd4 0-1

[Event "juli1-2"]
[Site "http://www.queenalice.com/game.php?id=1102259"]
[Date "2012.9.12"]
[Round "5"]
[White "Lucius1"]
[Black "Slava"]
[Result "1-0"]
[WhiteElo "2268"]
[BlackElo "2001"]

1. c4 e5 2. e3 b6 3. Nc3 Bb7 4. d4 exd4 5. exd4 Bb4 6. Nf3 Nf6 7. Be2 d5 8. Bf4
O-O 9. O-O Nc6 10. Nb5 Bd6 11. Nxd6 cxd6 12. Re1 h6 13. Rc1 dxc4 14. Bxc4 a6 15.
a3 d5 16. Bd3 Re8 17. Rxe8+ Nxe8 18. Qe2 Nc7 19. Qe3 Ne6 20. Bf5 Qf6 21. Bxe6
fxe6 22. Ne5 Nxe5 23. Bxe5 Qf5 24. Qg3 g6 25. h3 Rc8 26. Rxc8+ Bxc8 27. Qc3 Bd7
28. Qc7 Qf7 29. Qd8+ Be8 30. Qxb6 Bb5 31. b3 g5 32. a4 Bd3 33. Qc6 Qe7 34. Qc3
Bg6 35. Qc8+ Be8 36. Qxa6 Kf7 37. a5 Qd7 38. Qb6 Qb5 39. Qd8 1-0